[Event "Sparkassen-Open A"]
[Site "Heusenstamm, Martinsee"]
[Date "2019.11.22"]
[Round "2.102"]
[White "Mohr, Thomas"]
[Black "Marzec, Witold"]
[Result "1-0"]
[WhiteElo "1904"]
[BlackElo "1711"]
[PlyCount "71"]
[EventDate "2019.??.??"]
[WhiteTeam "SC FK Babenhausen"]
[BlackTeam "vereinslos"]

1. f4 Nf6 2. e3 d5 3. Nf3 Bg4 4. h3 Bxf3 5. Qxf3 Nc6 6. Bb5 a6 7. Bxc6+ bxc6 8.
b3 e6 9. Bb2 Ne4 10. O-O f6 11. d3 Nd6 12. Nd2 Be7 13. e4 O-O 14. f5 dxe4 15.
dxe4 e5 16. Qe2 Kh8 17. Rad1 Qe8 18. Nc4 Nxc4 19. Qxc4 Bd6 20. Rf3 a5 21. a4
Rb8 22. Bc3 Ra8 23. Be1 Rf7 24. Rfd3 g6 25. fxg6 hxg6 26. Bf2 Re7 27. Rf3 Kg7
28. Bh4 g5 29. Bf2 Re6 30. Rf1 Qd7 31. Be3 Rf8 32. Rf5 Kg6 33. Qe2 Qg7 34. Qg4
Kh7 35. h4 gxh4 36. Rh5+ 1-0

[Event "Sparkassen-Open A"]
[Site "Heusenstamm, Martinsee"]
[Date "2019.11.22"]
[Round "2.103"]
[White "Pohle, Saskia"]
[Black "Hagner, Bennet"]
[Result "1/2-1/2"]
[WhiteElo "1695"]
[BlackElo "1890"]
[PlyCount "68"]
[EventDate "2019.??.??"]
[WhiteTeam "Muldental Wilkau-Haßlau"]
[BlackTeam "Frankfurter TV"]

1. e4 e5 2. Nf3 Nc6 3. Bb5 a6 4. Ba4 Nf6 5. d4 exd4 6. O-O Be7 7. Re1 O-O 8. e5
Nd5 9. Bb3 Nb6 10. Nxd4 d5 11. c3 Nxd4 12. cxd4 Bf5 13. Nc3 c6 14. Ne2 Qd7 15.
Ng3 Bg6 16. Qe2 Rae8 17. Bd2 Na8 18. Rac1 Nc7 19. f4 f5 20. Qf2 Ne6 21. Be3 Rc8
22. Red1 Kh8 23. Kh1 Bh4 24. Qf3 Qf7 25. Rd2 h6 26. Ne2 Bh5 27. Qh3 Be7 28. Nc3
g5 29. Rf1 gxf4 30. Bxf4 Nxf4 31. Rxf4 Bg5 32. Rdf2 Bxf4 33. Rxf4 Kg7 34. Bc2
Bg6 1/2-1/2

[Event "Sparkassen-Open A"]
[Site "Heusenstamm, Martinsee"]
[Date "2019.11.22"]
[Round "2.104"]
[White "Schmitt, Carsten"]
[Black "Schwegler, Jelena"]
[Result "1-0"]
[WhiteElo "1901"]
[BlackElo "1513"]
[PlyCount "45"]
[EventDate "2019.??.??"]
[WhiteTeam "SV Bergwinkel"]
[BlackTeam "SK Bad Homburg"]

1. c4 c5 2. g3 Nf6 3. Bg2 g6 4. Nc3 Bg7 5. e4 Nc6 6. Nge2 b6 7. h3 O-O 8. e5
Ne8 9. f4 f6 10. d4 cxd4 11. Nxd4 Bb7 12. e6 Rc8 13. exd7 Qxd7 14. Bd5+ Kh8 15.
Ne6 Rg8 16. h4 Nb4 17. h5 Nxd5 18. cxd5 Bh6 19. hxg6 Rxg6 20. f5 Rxg3 21. Bxh6
Nc7 22. Bf4 Rg2 23. Qh5 1-0

[Event "Sparkassen-Open A"]
[Site "Heusenstamm, Martinsee"]
[Date "2019.11.22"]
[Round "2.105"]
[White "Stock, Jürgen"]
[Black "Hartmann, Egon"]
[Result "1-0"]
[WhiteElo "1895"]
[BlackElo "1694"]
[PlyCount "113"]
[EventDate "2019.??.??"]
[WhiteTeam "Sfr. Kelkheim"]
[BlackTeam "SF Forst"]

1. d4 d5 2. e3 Bf5 3. Bd3 Bxd3 4. cxd3 e6 5. Bd2 Nf6 6. Nf3 c5 7. Qb3 b6 8. a4
Nc6 9. Qb5 Qc7 10. Ne5 Rc8 11. a5 Nd7 12. Nxd7 Qxd7 13. axb6 axb6 14. dxc5 bxc5
15. O-O Bd6 16. Ra6 O-O 17. b4 Be7 18. Rc1 Nb8 19. Qxd7 Nxd7 20. Ra7 Rfd8 21.
bxc5 Rxc5 22. Rxc5 Bxc5 23. Rb7 Nf6 24. h3 h6 25. Nc3 Ra8 26. g4 d4 27. exd4
Bxd4 28. Nb5 Rd8 29. Bb4 Be5 30. d4 Bxd4 31. Be7 Rd5 32. Nd6 Bc5 33. Nxf7 Bxf2+
34. Kxf2 Kxf7 35. Bb4+ Rd7 36. Rb8 Kg6 37. Rb6 e5 38. Re6 e4 39. Bc3 Kf7 40.
Ra6 Re7 41. Bxf6 gxf6 42. Ke3 Kg6 43. h4 Kf7 44. Ra5 Kg6 45. h5+ Kf7 46. Ra8
Kg7 47. Ra4 Kf7 48. Ra8 Kg7 49. Ra4 Kf7 50. Rxe4 Rxe4+ 51. Kxe4 Ke6 52. Kf4 Kf7
53. Kf5 Kg7 54. Ke6 Kg8 55. Kxf6 Kh7 56. Kf7 Kh8 57. Kg6 1-0

[Event "Sparkassen-Open A"]
[Site "Heusenstamm, Martinsee"]
[Date "2019.11.22"]
[Round "2.106"]
[White "Niedenthal, Robert"]
[Black "Ohler, Julius"]
[Result "0-1"]
[WhiteElo "1686"]
[BlackElo "1884"]
[PlyCount "70"]
[EventDate "2019.??.??"]
[WhiteTeam "SV Hofheim"]
[BlackTeam "SG Trier"]

1. c4 e5 2. Nc3 Nf6 3. Nf3 Nc6 4. e4 Bc5 5. Nxe5 Nxe5 6. d4 Bb4 7. dxe5 Nxe4 8.
Qd3 Nxc3 9. bxc3 Bc5 10. Be3 Bxe3 11. Qxe3 O-O 12. Bd3 Re8 13. O-O d6 14. f4
Qe7 15. Rae1 dxe5 16. fxe5 Be6 17. Qe4 g6 18. Kh1 Rad8 19. Qe3 Qd7 20. Be2 Qa4
21. Qe4 b6 22. h4 Bf5 23. Rxf5 gxf5 24. Qxf5 Qc6 25. Bh5 Qe6 26. Qg5+ Kh8 27.
Qf4 Re7 28. Bg4 Qg6 29. h5 Qg7 30. h6 Qg6 31. Kg1 Rg8 32. Bh3 Qg5 33. Qd4 Qxh6
34. Re3 Qg7 35. Qf4 Re6 $138 0-1

[Event "Sparkassen-Open A"]
[Site "Heusenstamm, Martinsee"]
[Date "2019.11.22"]
[Round "2.107"]
[White "Müller, Maurice-Pascal"]
[Black "Tietzen, Stefan"]
[Result "0-1"]
[WhiteElo "1683"]
[BlackElo "1875"]
[PlyCount "66"]
[EventDate "2019.??.??"]
[WhiteTeam "SC Landskrone"]
[BlackTeam "SK Gernsheim"]

1. e4 c5 2. Nf3 e6 3. d4 cxd4 4. Nxd4 a6 5. Nc3 Qc7 6. Bd3 Nf6 7. O-O Bc5 8.
Nf3 d6 9. h3 Nbd7 10. Qe2 O-O 11. a3 b5 12. Be3 Bb7 13. Rad1 Rfd8 14. Rfe1 Nb6
15. Nb1 Na4 16. b3 Bxe3 17. Qxe3 Nc5 18. Nbd2 d5 19. e5 Nfe4 20. Ng5 Nxd3 21.
cxd3 Nc3 22. Rc1 d4 23. Qf4 Ne2+ 24. Kh2 Nxc1 25. Rxc1 Qd7 26. Qh4 h6 27. Nde4
hxg5 28. Nxg5 Qd5 29. Qh7+ Kf8 30. Ne4 Qxe5+ 31. g3 Bxe4 32. dxe4 d3 33. f4
Qb2+ 0-1

[Event "Sparkassen-Open A"]
[Site "Heusenstamm, Martinsee"]
[Date "2019.11.22"]
[Round "2.108"]
[White "Sandten, Ulrich"]
[Black "Renger, Jürgen"]
[Result "1-0"]
[WhiteElo "2086"]
[BlackElo "1682"]
[PlyCount "55"]
[EventDate "2019.??.??"]
[WhiteTeam "VSG Offenbach"]
[BlackTeam "Sges Bensheim"]

1. d4 Nf6 2. Nf3 e6 3. e3 b6 4. Bd3 Bb7 5. O-O d5 6. b3 Bd6 7. Ne5 Nbd7 8. Bb2
c5 9. c4 dxc4 10. bxc4 Be4 11. Bxe4 Nxe4 12. Qa4 cxd4 13. exd4 Bxe5 14. dxe5
Nec5 15. Qa3 Qg5 16. Nc3 Qxe5 17. Nb5 Qb8 18. Bxg7 Rg8 19. Bh6 a6 20. Nd4 Qe5
21. Rad1 Qe4 22. g3 Qg6 23. Bf4 h5 24. Bd6 Ne4 25. Nb5 Ng5 26. Nc7+ Kd8 27.
Nxa8 Qe4 28. Be7+ 1-0

[Event "Sparkassen-Open A"]
[Site "Heusenstamm, Martinsee"]
[Date "2019.11.22"]
[Round "2.109"]
[White "Fröhlich-Dill, Astrid"]
[Black "Krischak, Werner"]
[Result "1-0"]
[WhiteElo "1871"]
[BlackElo "1684"]
[PlyCount "129"]
[EventDate "2019.??.??"]
[WhiteTeam "SV Hofheim"]
[BlackTeam "SK Marburg"]

1. d4 d5 2. Nf3 Nf6 3. c4 e6 4. Nc3 Be7 5. Bf4 c6 6. e3 Nbd7 7. Rc1 O-O 8. Bd3
dxc4 9. Bxc4 b5 10. Bd3 Bb7 11. h3 a6 12. O-O c5 13. Qe2 c4 14. Bb1 b4 15. Na4
a5 16. Rfd1 Ba6 17. Qc2 Rc8 18. Ne5 g6 19. Nc5 Nxc5 20. dxc5 Qe8 21. c6 Bb5 22.
Bh6 Bxc6 23. Nxc6 Qxc6 24. Bxf8 Bxf8 25. Rd4 c3 26. bxc3 bxc3 27. Qd3 Nd5 28.
Bc2 Nb4 29. Qe2 Bg7 30. Rh4 Bf6 31. Rf4 e5 32. Be4 Qe6 33. Rf3 Nxa2 34. Rc2 Nb4
35. Rc1 Be7 36. Bb1 Qb3 37. e4 Bg5 38. Rf1 Qb2 39. Qb5 c2 40. Bxc2 Qxc2 41.
Qxe5 Qc5 42. Qg3 Bd2 43. Qg4 Re8 44. Qd7 Re7 45. Qxd2 Rxe4 46. Rc1 Qe5 47. Qd8+
Kg7 48. Qd7 Rf4 49. Rxf4 Qxf4 50. Rd1 Na2 51. Qd4+ Qf6 52. Qxf6+ Kxf6 53. Ra1
Nc3 54. Rxa5 Ne2+ 55. Kf1 Nf4 56. h4 h6 57. g3 Ne6 58. Kg2 g5 59. Kh3 Kg6 60.
Ra6 Kf5 61. Ra5+ Ke4 62. hxg5 hxg5 63. Kg4 f6 64. f3+ Ke3 65. Rf5 1-0

[Event "Sparkassen-Open A"]
[Site "Heusenstamm, Martinsee"]
[Date "2019.11.22"]
[Round "2.111"]
[White "Schreidl, Michael"]
[Black "Eg, Karlheinz"]
[Result "0-1"]
[WhiteElo "1643"]
[BlackElo "1861"]
[PlyCount "114"]
[EventDate "2019.??.??"]
[WhiteTeam "SK Frankenthal"]
[BlackTeam "SV Rüsselsheim"]

1. e4 e5 2. Nf3 Nc6 3. Bc4 Nf6 4. Ng5 d5 5. exd5 Na5 6. Bb5+ c6 7. dxc6 bxc6 8.
Be2 h6 9. Nf3 e4 10. Ne5 Qc7 11. d4 exd3 12. Nxd3 Bd6 13. h3 Bf5 14. O-O Rd8
15. Re1 O-O 16. Be3 Nc4 17. Qc1 Nd5 18. Bc5 Bh2+ 19. Kh1 Rfe8 20. b3 Nf4 21.
bxc4 Rxe2 22. Rxe2 Nxe2 23. Qe3 Nf4 24. Qe5 Nxd3 25. Qxc7 Bxc7 26. cxd3 Rxd3
27. Na3 Be5 28. Re1 f6 29. Nc2 Rd2 30. Nb4 Bc3 31. Nxc6 Bd7 32. Ne7+ Kh7 33.
Rc1 Bb2 34. Re1 a5 35. a3 Bc3 36. Rc1 Be5 37. Nd5 Bc6 38. Ne7 Be4 39. Kg1 Bd3
40. Nc6 Bb2 41. Re1 a4 42. Bb4 Rc2 43. c5 Bb5 44. Na7 Ba6 45. Nc6 Bb7 46. Na5
Bd5 47. Rd1 Be4 48. Re1 f5 49. Rd1 Be5 50. c6 Bc7 51. Re1 Bb6 52. Rf1 Bd3 53.
Rd1 Bxf2+ 54. Kh1 Be4 55. Rd2 Rc1+ 56. Kh2 Be3 57. Bd6 Bxd2 0-1

[Event "Sparkassen-Open A"]
[Site "Heusenstamm, Martinsee"]
[Date "2019.11.22"]
[Round "2.112"]
[White "Walbrecht, Quirin"]
[Black "Bobrowski, Damian"]
[Result "1-0"]
[WhiteElo "1856"]
[BlackElo "1617"]
[PlyCount "57"]
[EventDate "2019.??.??"]
[WhiteTeam "FC Bayern München"]
[BlackTeam "vereinslos"]

1. d4 Nf6 2. c4 e6 3. Nc3 d5 4. cxd5 exd5 5. Bg5 c6 6. e3 h6 7. Bh4 Be7 8. Bd3
O-O 9. Nge2 Nbd7 10. Qc2 Re8 11. O-O a5 12. f3 c5 13. Qd2 c4 14. Bc2 Nb6 15.
Bf2 Bd7 16. Rad1 Bd6 17. e4 dxe4 18. fxe4 Ng4 19. e5 Be7 20. Bg3 h5 21. Bf4 g5
22. Be3 Rc8 23. Ng3 Nxe3 24. Qxe3 Bc6 25. Nxh5 Nd5 26. Qh3 Bd7 27. Bf5 Bxf5 28.
Qxf5 Rf8 29. Nf6+ 1-0

[Event "Sparkassen-Open A"]
[Site "Heusenstamm, Martinsee"]
[Date "2019.11.22"]
[Round "2.113"]
[White "Baumann, Dennis"]
[Black "Altenbernd, Dirk"]
[Result "1/2-1/2"]
[WhiteElo "1664"]
[BlackElo "1836"]
[PlyCount "48"]
[EventDate "2019.??.??"]
[WhiteTeam "SF Schöneck"]
[BlackTeam "SK Tönsberg Oerlinghausen"]

1. d4 g6 2. c4 Bg7 3. Nc3 d6 4. e4 e5 5. Be3 Nc6 6. d5 Nce7 7. c5 f5 8. cxd6
cxd6 9. Qa4+ Kf7 10. f3 Nf6 11. Bd3 a6 12. Nge2 f4 13. Bf2 g5 14. O-O-O Qc7 15.
Kb1 Bd7 16. Qb3 b5 17. Rc1 Qb8 18. Rc2 h5 19. Rhc1 Rc8 20. a3 Ne8 21. Na2 Rxc2
22. Rxc2 Kf8 23. Rc3 Qb7 24. Qc2 Rc8 1/2-1/2

[Event "Sparkassen-Open A"]
[Site "Heusenstamm, Martinsee"]
[Date "2019.11.22"]
[Round "2.114"]
[White "Launert, Martin"]
[Black "Masoudi, Kian"]
[Result "1-0"]
[WhiteElo "1853"]
[BlackElo "1606"]
[PlyCount "71"]
[EventDate "2019.??.??"]
[WhiteTeam "Sfr. Erbach"]
[BlackTeam "SF Frankfurt"]

1. e4 e5 2. Nf3 Nc6 3. Nc3 Nf6 4. Bb5 d6 5. d4 exd4 6. Nxd4 Bd7 7. Nxc6 Bxc6 8.
Bxc6+ bxc6 9. O-O Be7 10. Bf4 Nd7 11. Ne2 Qb8 12. b3 Bf6 13. Rb1 O-O 14. Qd2
Re8 15. f3 h6 16. Kh1 Qb5 17. c4 Qb6 18. Be3 c5 19. Qc2 a5 20. Rfd1 Qb8 21. Nc3
Bxc3 22. Qxc3 Qb4 23. Qc2 Nf6 24. Bd2 Qb7 25. Bc3 Nd7 26. Qd2 Ne5 27. Qf2 c6
28. Rxd6 Nxc4 29. Qg3 f5 30. Rxh6 f4 31. Qg5 Rad8 32. Rg6 Rd7 33. Qxf4 Red8 34.
h3 Rf7 35. Qg3 Nd6 36. Rxd6 1-0

[Event "Sparkassen-Open A"]
[Site "Heusenstamm, Martinsee"]
[Date "2019.11.22"]
[Round "2.115"]
[White "Marchese, Gaspare"]
[Black "Herrmann, Gerhard"]
[Result "1/2-1/2"]
[WhiteElo "1851"]
[BlackElo "1548"]
[PlyCount "36"]
[EventDate "2019.??.??"]
[WhiteTeam "SC Matt im Park"]
[BlackTeam "SC Königsspringer Alzenau"]

1. e4 d5 2. exd5 Nf6 3. Bb5+ Bd7 4. Bc4 Bg4 5. f3 Bf5 6. g4 Bc8 7. Nc3 c6 8.
Qe2 cxd5 9. Bxd5 Nxd5 10. Qb5+ Qd7 11. Qxd7+ Bxd7 12. Nxd5 Na6 13. c3 Bc6 14.
Nf4 e5 15. Ng2 Bc5 16. Ne3 O-O-O 17. Kf2 Nc7 18. Ne2 Ne6 1/2-1/2

[Event "Sparkassen-Open A"]
[Site "Heusenstamm, Martinsee"]
[Date "2019.11.22"]
[Round "2.116"]
[White "Perez Valero, Rodrigo Gael"]
[Black "Rieger, Mario"]
[Result "1/2-1/2"]
[WhiteElo "1551"]
[BlackElo "1849"]
[PlyCount "49"]
[EventDate "2019.??.??"]
[WhiteTeam "VSG Offenbach"]
[BlackTeam "MS Halver-Schalksmühle"]

1. e4 c6 2. d4 d5 3. Nc3 dxe4 4. Nxe4 Nd7 5. Bc4 Ngf6 6. Nxf6+ Nxf6 7. Nf3 e6
8. Bf4 Be7 9. O-O O-O 10. Re1 c5 11. dxc5 Bxc5 12. Qxd8 Rxd8 13. Rad1 Bd7 14.
Bc7 Rdc8 15. Be5 Bc6 16. Nd4 Be7 17. Nxc6 Rxc6 18. Bb3 Rac8 19. h3 b5 20. Bxf6
Bxf6 21. c3 Kf8 22. Rd7 R6c7 23. Red1 Ke8 24. Rxc7 Rxc7 25. Kf1 1/2-1/2

[Event "Sparkassen-Open A"]
[Site "Heusenstamm, Martinsee"]
[Date "2019.11.22"]
[Round "2.117"]
[White "Buchholz, Maja"]
[Black "Hänselmann, Hendrik"]
[Result "1-0"]
[WhiteElo "1552"]
[BlackElo "1848"]
[PlyCount "91"]
[EventDate "2019.??.??"]
[WhiteTeam "SK Langen"]
[BlackTeam "Karlsruher SF"]

1. c4 e5 2. g3 Nf6 3. Bg2 d5 4. cxd5 Nxd5 5. Nc3 Nb6 6. Nf3 Nc6 7. O-O Be7 8.
d3 O-O 9. Be3 Be6 10. Nd2 f5 11. Nb3 Nd5 12. Bc5 Nxc3 13. Bxe7 Qxe7 14. bxc3
Rad8 15. Qc2 Bd5 16. Bh3 Rf6 17. c4 Be6 18. Bg2 Rh6 19. Bf3 Qg5 20. Kg2 e4 21.
dxe4 fxe4 22. Qxe4 Bf5 23. h4 Qg6 24. Qf4 Rf8 25. Bd5+ Kh8 26. Qxc7 Rxh4 27.
Rh1 Rxh1 28. Rxh1 Be4+ 29. f3 Bxd5 30. cxd5 Nd8 31. Nd4 Qf6 32. Qc4 Re8 33. e4
Nf7 34. Qa4 Rc8 35. Rd1 Ng5 36. Rc1 Rf8 37. Rc3 Nxe4 38. Re3 Ng5 39. Re8 a6 40.
f4 h6 41. Rxf8+ Qxf8 42. fxg5 hxg5 43. Ne6 Qf5 44. Qe8+ Kh7 45. Nf8+ Kh6 46.
Qe6+ 1-0

[Event "Sparkassen-Open A"]
[Site "Heusenstamm, Martinsee"]
[Date "2019.11.22"]
[Round "2.118"]
[White "Lysakovskyi, Oleh"]
[Black "Albert, Ingo"]
[Result "1/2-1/2"]
[WhiteElo "1559"]
[BlackElo "1840"]
[PlyCount "118"]
[EventDate "2019.??.??"]
[WhiteTeam "SV Neu-Isenburg"]
[BlackTeam "vereinslos/Wiesbaden"]

1. d4 d6 2. c4 e5 3. d5 f5 4. h4 Nf6 5. Bg5 Be7 6. Nc3 Na6 7. Nf3 Nc5 8. Qc2
Bd7 9. g3 a6 10. Bxf6 Bxf6 11. b4 e4 12. Nd2 Na4 13. Ndb1 Qe7 14. e3 Qe5 15.
Kd2 O-O 16. a3 Nb6 17. Ra2 Rac8 18. a4 c6 19. a5 Na8 20. dxc6 bxc6 21. Na4 Be6
22. Nbc3 Rfd8 23. Ke1 Nc7 24. Ne2 Bf7 25. Nb6 Rb8 26. Nd4 Be8 27. Ke2 c5 28. f4
exf3+ 29. Nxf3 Qe6 30. Bh3 g6 31. Kf2 Bc6 32. Rd1 Be4 33. Qa4 d5 34. Rad2 Bxf3
35. Kxf3 Qe4+ 36. Kf2 d4 37. exd4 Bxd4+ 38. Rxd4 cxd4 39. Re1 Qd3 40. Bf1 Qd2+
41. Re2 Qh6 42. Qa2 Re8 43. c5+ Kh8 44. Qd2 Rxe2+ 45. Qxe2 Re8 46. Qd3 Qg7 47.
Nc4 Nb5 48. Qf3 Qf6 49. Qf4 Nc3 50. Nd6 Ne4+ 51. Kf3 Re6 52. Bc4 Re7 53. Bxa6
d3 54. Nxe4 Rxe4 55. Qd6 Qa1 56. Qxd3 Qh1+ 57. Kf2 Qh2+ 58. Kf1 Qh1+ 59. Kf2
Qh2+ 1/2-1/2

[Event "Sparkassen-Open A"]
[Site "Heusenstamm, Martinsee"]
[Date "2019.11.22"]
[Round "2.119"]
[White "Faber, Lutz"]
[Black "Neuhoff, Laertes"]
[Result "1-0"]
[WhiteElo "1839"]
[BlackElo "1461"]
[PlyCount "83"]
[EventDate "2019.??.??"]
[WhiteTeam "Zwickauer SC"]
[BlackTeam "SG Leipzig"]

1. d4 Nf6 2. Bf4 g6 3. Nc3 d5 4. f3 c5 5. e3 Bg7 6. Qd2 cxd4 7. exd4 a6 8. Bd3
Nc6 9. Nce2 O-O 10. g4 Nd7 11. Bh6 e5 12. h4 Qa5 13. c3 exd4 14. Bxg7 Kxg7 15.
Nxd4 Nxd4 16. cxd4 Qxd2+ 17. Kxd2 b5 18. Ne2 Nb6 19. b3 f5 20. g5 Ra7 21. Rac1
Re8 22. Rc6 Re6 23. Rhc1 Rae7 24. Nf4 Rxc6 25. Rxc6 Rb7 26. Rd6 Bd7 27. Ke3 a5
28. Nxd5 Nxd5+ 29. Rxd5 Kf7 30. Re5 Rb6 31. d5 a4 32. Kd4 axb3 33. axb3 Ra6 34.
Kc5 Ra3 35. Kb4 Ra7 36. d6 Ra6 37. Re7+ Kf8 38. Rxd7 Ke8 39. Re7+ Kd8 40. Kc5
Ra3 41. Bxb5 Rxb3 42. Re8# 1-0

[Event "Sparkassen-Open A"]
[Site "Heusenstamm, Martinsee"]
[Date "2019.11.22"]
[Round "3.1"]
[White "Kuzubov, Yuriy"]
[Black "Hebbering, Tom Elliot"]
[Result "1-0"]
[WhiteElo "2652"]
[BlackElo "2226"]
[PlyCount "75"]
[EventDate "2019.??.??"]
[WhiteTeam "Sfr. Bad Emstal/Wolfhagen"]
[BlackTeam "SK Gernsheim"]

1. Nf3 d5 2. c4 e6 3. d4 Nf6 4. Nc3 Bb4 5. Bg5 dxc4 6. a3 Bxc3+ 7. bxc3 c5 8.
Qa4+ Nc6 9. Qxc4 cxd4 10. cxd4 Qa5+ 11. Bd2 Qd5 12. e3 Ne4 13. Rb1 Qxc4 14.
Bxc4 Nxd2 15. Kxd2 O-O 16. Rhc1 Rb8 17. Bd3 Bd7 18. Ng5 h6 19. Ne4 Na5 20. Rc5
b6 21. Rc7 Rb7 22. Rc3 Rc8 23. Rxc8+ Bxc8 24. Nd6 Rc7 25. Nb5 Rd7 26. Rb2 Kf8
27. Rc2 Ba6 28. a4 Ke7 29. Ke2 Kd8 30. f4 Bxb5 31. axb5 f5 32. Kf3 Rc7 33. Rxc7
Kxc7 34. g4 g6 35. h4 h5 36. gxh5 gxh5 37. e4 fxe4+ 38. Kxe4 1-0

[Event "Sparkassen-Open A"]
[Site "Heusenstamm, Martinsee"]
[Date "2019.11.22"]
[Round "3.2"]
[White "Krämer, Enrico"]
[Black "Nikolov, Momchil"]
[Result "1/2-1/2"]
[WhiteElo "2223"]
[BlackElo "2559"]
[PlyCount "81"]
[EventDate "2019.??.??"]
[WhiteTeam "SG Speyer-Schwegenheim"]
[BlackTeam "vereinslos"]

1. d4 Nf6 2. Nf3 c5 3. d5 b5 4. a4 b4 5. c4 g6 6. Nbd2 Bg7 7. e4 d6 8. h3 e6 9.
Bd3 exd5 10. cxd5 O-O 11. O-O a5 12. Re1 Nbd7 13. Nc4 Nb6 14. Nxb6 Qxb6 15. Nd2
Qc7 16. Bb5 Bd7 17. Bd3 Bc8 18. Bb5 Bd7 19. Bd3 Rad8 20. Nc4 Bc8 21. Bf4 Ba6
22. Bxd6 Rxd6 23. Nxd6 Bxd3 24. e5 c4 25. exf6 Qxd6 26. fxg7 Kxg7 27. b3 Qxd5
28. bxc4 Qxc4 29. Rc1 Qd5 30. Qd2 Be4 31. Qxd5 Bxd5 32. Rc5 Be6 33. Rxa5 b3 34.
Rb1 Rc8 35. Rb2 Rc1+ 36. Kh2 h5 37. Rb5 Ra1 38. a5 Ra2 39. R2xb3 Bxb3 40. Rxb3
Rxa5 41. h4 1/2-1/2

[Event "Sparkassen-Open A"]
[Site "Heusenstamm, Martinsee"]
[Date "2019.11.22"]
[Round "3.3"]
[White "Kunin, Vitaly"]
[Black "Henrich, Thomas"]
[Result "1-0"]
[WhiteElo "2549"]
[BlackElo "2163"]
[PlyCount "73"]
[EventDate "2019.??.??"]
[WhiteTeam "Freibauer Mörlenbach"]
[BlackTeam "SK Marburg"]

1. d4 Nf6 2. c4 c5 3. d5 b5 4. cxb5 a6 5. b6 Qxb6 6. Nc3 e5 7. e4 d6 8. Be2 Be7
9. Nf3 Nbd7 10. O-O O-O 11. Nd2 Ne8 12. a4 Bg5 13. Nc4 Qd8 14. a5 Rb8 15. Bxg5
Qxg5 16. Ra3 Qe7 17. Rb3 Rb4 18. Rxb4 cxb4 19. Na2 Nc5 20. Nxb4 Nxe4 21. Nb6
Bb7 22. Bxa6 Bxa6 23. Nxa6 Qa7 24. Qe2 N8f6 25. Rc1 Nc5 26. Nxc5 dxc5 27. Rxc5
Qe7 28. b4 e4 29. Nc4 Rb8 30. h3 Rxb4 31. Rc8+ Ne8 32. Nd6 Rb1+ 33. Qf1 Rxf1+
34. Kxf1 Kf8 35. Rxe8+ Qxe8 36. Nxe8 Kxe8 37. a6 1-0

[Event "Sparkassen-Open A"]
[Site "Heusenstamm, Martinsee"]
[Date "2019.11.22"]
[Round "3.4"]
[White "Boos, Markus"]
[Black "Nasuta, Grzegorz"]
[Result "0-1"]
[WhiteElo "2165"]
[BlackElo "2539"]
[PlyCount "112"]
[EventDate "2019.??.??"]
[WhiteTeam "Elberfelder SG"]
[BlackTeam "Godesberger SK"]

1. d4 d5 2. c4 c6 3. Nf3 Nf6 4. e3 Bg4 5. h3 Bh5 6. Nbd2 e6 7. Qc2 Nbd7 8. Bd3
Be7 9. O-O O-O 10. Ne5 Bg6 11. Nxg6 hxg6 12. Nf3 c5 13. cxd5 Nxd5 14. Qe2 Rc8
15. Bd2 cxd4 16. exd4 Qb6 17. h4 Rfd8 18. Rac1 Nf8 19. Rfd1 Bf6 20. Rxc8 Rxc8
21. Qe4 Rd8 22. g4 Nb4 23. Bxb4 Qxb4 24. Bb1 Qxb2 25. Qf4 Qe2 26. Re1 Rxd4 27.
Be4 Rd1 28. Rxd1 Qxd1+ 29. Kg2 Qa4 30. g5 Bb2 31. h5 Bc1 32. Qg4 b5 33. Ne5
Bxg5 34. hxg6 f5 35. Bxf5 exf5 36. Qxg5 Qe4+ 37. Nf3 Ne6 38. Qg3 f4 39. Qg4 Nf8
40. Kh2 Nxg6 41. Ng5 Qe5 42. Qc8+ Nf8 43. Qg4 b4 44. Kh3 a5 45. Kh4 g6 46. Qc8
Qh8+ 47. Kg4 Qh5+ 48. Kxf4 Qh4+ 49. Qg4 Qxf2+ 50. Ke4 Qc2+ 51. Kd4 Qxa2 52. Kc5
Qc2+ 53. Kb6 b3 54. Qf4 Qf5 55. Qc4+ Kg7 56. Qc7+ Nd7+ 0-1

[Event "Sparkassen-Open A"]
[Site "Heusenstamm, Martinsee"]
[Date "2019.11.22"]
[Round "3.5"]
[White "Baskin, Robert"]
[Black "Englert, Jon"]
[Result "1-0"]
[WhiteElo "2410"]
[BlackElo "2117"]
[PlyCount "91"]
[EventDate "2019.??.??"]
[WhiteTeam "Wiesbadener SV"]
[BlackTeam "TV-Großostheim"]

1. e4 g6 2. d4 Bg7 3. Nc3 d6 4. f4 a6 5. Nf3 b5 6. Bd3 Bb7 7. Qe2 Nd7 8. e5 b4
9. Ne4 d5 10. Nc5 Nxc5 11. dxc5 e6 12. Nd4 Ne7 13. a3 bxa3 14. Rxa3 O-O 15. O-O
Nc6 16. Nxc6 Bxc6 17. Rxa6 Rxa6 18. Bxa6 Qb8 19. c3 Qb3 20. Be3 Rb8 21. Rf2 Bf8
22. Qc2 Qa2 23. Bd3 Ba4 24. Qb1 Qxb1+ 25. Bxb1 Bb3 26. Bc2 c6 27. Bxb3 Rxb3 28.
Kf1 Be7 29. Ke1 Kf8 30. Kd1 Ke8 31. Kc2 Rb8 32. b4 Kd7 33. g4 Ra8 34. Kb2 Rh8
35. Kb1 Kc7 36. f5 gxf5 37. gxf5 Bd8 38. f6 Rg8 39. Rf3 Kd7 40. Rh3 Rh8 41. Rg3
Bc7 42. Bd4 Ke8 43. Rg7 h5 44. h4 Rh6 45. Kb2 Kf8 46. Kb3 1-0

[Event "Sparkassen-Open A"]
[Site "Heusenstamm, Martinsee"]
[Date "2019.11.22"]
[Round "3.6"]
[White "Gutman, Lev"]
[Black "Villwock, Martin"]
[Result "0-1"]
[WhiteElo "2407"]
[BlackElo "2110"]
[PlyCount "88"]
[EventDate "2019.??.??"]
[WhiteTeam "SV Lingen"]
[BlackTeam "SF Essen-Katernberg"]

1. Nf3 c5 2. g3 d5 3. Bg2 Nf6 4. O-O e6 5. d4 cxd4 6. Nxd4 e5 7. Nf3 Nc6 8. c4
d4 9. b4 e4 10. Ng5 Bxb4 11. Nd2 O-O 12. Ndxe4 Bf5 13. c5 Nxe4 14. Nxe4 Qd7 15.
a3 Bxe4 16. Bxe4 Bxc5 17. Rb1 Bb6 18. Rb5 Rfe8 19. Qc2 g6 20. Bf4 Qe7 21. Bd3
Qxa3 22. Qb1 Qe7 23. h4 Qe6 24. h5 Rad8 25. hxg6 hxg6 26. Rc1 Kg7 27. Bc4 Qh3
28. Bd5 Rxe2 29. Bg2 Qg4 30. Rg5 Qd7 31. Qd3 Rde8 32. Bf3 Re1+ 33. Rxe1 Rxe1+
34. Kg2 Qe7 35. Qb5 Ra1 36. Bd2 Ra2 37. Qd3 Nb4 38. Bxb4 Qxg5 39. Qc4 Ra1 40.
Qc8 Qd8 41. Qxb7 Qc7 42. Qa8 Qc4 43. Qf8+ Kh7 44. Kh3 Ra2 0-1

[Event "Sparkassen-Open A"]
[Site "Heusenstamm, Martinsee"]
[Date "2019.11.22"]
[Round "3.7"]
[White "Farmani Anosheh, Armin"]
[Black "Reitz, Philipp"]
[Result "1-0"]
[WhiteElo "2344"]
[BlackElo "2088"]
[PlyCount "39"]
[EventDate "2019.??.??"]
[WhiteTeam "SK Ladenburg"]
[BlackTeam "VfR-SC Koblenz"]

1. d4 Nf6 2. c4 e6 3. Nf3 Bb4+ 4. Nbd2 O-O 5. a3 Be7 6. e4 d5 7. e5 Nfd7 8. Bd3
c5 9. O-O Nc6 10. Qc2 h6 11. Nb3 dxc4 12. Bxc4 cxd4 13. Qe4 Bc5 14. Re1 Rb8 15.
Qg4 Kh8 16. Qh3 Kh7 17. Bd3+ Kg8 18. Bxh6 Ndxe5 19. Nxe5 Qd5 20. Qg3 1-0

[Event "Sparkassen-Open A"]
[Site "Heusenstamm, Martinsee"]
[Date "2019.11.22"]
[Round "3.8"]
[White "Lesny, Florian"]
[Black "Schulze, Lara"]
[Result "1/2-1/2"]
[WhiteElo "2138"]
[BlackElo "2326"]
[PlyCount "88"]
[EventDate "2019.??.??"]
[WhiteTeam "SK Niederbrechen"]
[BlackTeam "SK Lehrte"]

1. e4 c5 2. Nf3 d6 3. d4 cxd4 4. Nxd4 Nf6 5. Nc3 Nc6 6. Bg5 e6 7. Qd2 a6 8.
O-O-O Bd7 9. f4 Be7 10. Nf3 b5 11. Bd3 b4 12. Ne2 a5 13. Ng3 a4 14. e5 dxe5 15.
fxe5 Nd5 16. Ne4 O-O 17. Bxe7 Qxe7 18. Qg5 Qxg5+ 19. Nexg5 h6 20. Ne4 a3 21. b3
Nce7 22. Rhe1 Nf4 23. Bf1 Bc6 24. Nfd2 Nfg6 25. Nd6 Nd5 26. Nb1 Rfd8 27. Nc4
Bb5 28. g3 Rac8 29. Rd4 Bxc4 30. Bxc4 Nb6 31. Rxd8+ Rxd8 32. Bd3 Ne7 33. Re4
Ned5 34. Kd2 Nd7 35. Ke2 Nc5 36. Rc4 Nxd3 37. cxd3 Kf8 38. d4 Ke7 39. Kd3 h5
40. Nd2 f6 41. Nf3 Rb8 42. Rc2 Nc3 43. Ke3 Kd7 44. Ne1 fxe5 1/2-1/2

[Event "Sparkassen-Open A"]
[Site "Heusenstamm, Martinsee"]
[Date "2019.11.22"]
[Round "3.9"]
[White "Chandler, Patrick"]
[Black "Barzen, Pascal"]
[Result "1-0"]
[WhiteElo "2124"]
[BlackElo "2312"]
[PlyCount "73"]
[EventDate "2019.??.??"]
[WhiteTeam "SC Nied"]
[BlackTeam "SG Trier"]

1. b4 e5 2. Bb2 Bxb4 3. Bxe5 Nf6 4. Nf3 Nc6 5. Bb2 O-O 6. e3 d5 7. a3 Be7 8. c4
Bg4 9. Be2 Re8 10. O-O Qd7 11. d4 Rad8 12. Nbd2 Bf8 13. Rc1 dxc4 14. Nxc4 Qd5
15. Nfe5 Nxe5 16. dxe5 Qb5 17. Qc2 Bxe2 18. Qxe2 Ne4 19. Qc2 Nc5 20. Bd4 Ne6
21. Bb2 Qa6 22. a4 Nc5 23. Ra1 Nd3 24. Bd4 Nb4 25. Qb3 Qe6 26. f4 c5 27. Bc3
Rd3 28. e4 Qd7 29. Qb2 Qc6 30. Nd2 Red8 31. f5 Qh6 32. Nc4 Qc6 33. e6 Qxe4 34.
exf7+ Kh8 35. Rae1 Qc6 36. Ne5 Qd5 37. Nxd3 1-0